| 000 | 01055nam a2200289 a 4500 | ||
|---|---|---|---|
| 001 | |||
| 003 | DO-SdBNP | ||
| 005 | 20211026072139.0 | ||
| 008 | 090716s2008 dr a 000 0 spa d | ||
| 020 | _a9993475084 | ||
| 040 |
_aDO-SdBNP _bspa _cBPMSU |
||
| 082 |
_aRD863.08 _bH887g, 2008 _222 |
||
| 245 | 0 | 0 |
_aHuellas de la guerra patria de 1965 : _bcuentos y relatos / _ccompilación, edición y notas, Miguel Collado, Eric Simó ; prólogo Manuel Mora Serrano. |
| 260 |
_aSanto Domingo : _bCPEP, _c2008. |
||
| 300 |
_a174 p. : _bil., retrs. ; _c22 cm. |
||
| 590 | _aInventariado, 2021/VM | ||
| 650 | 4 |
_aCuentos dominicanos _xColecciones |
|
| 650 | 4 |
_aCuentos históricos dominicanos _xColecciones |
|
| 651 | 4 |
_aRepública Dominica _xHistoria _xRevolución _y1965 _xAntología Literaria |
|
| 700 | 1 |
_aCollado, Miguel A., _d1954- _ecomp. |
|
| 700 | 1 |
_aSimó, Eric, _ecomp. |
|
| 700 | 1 |
_aMora Serrano, Mora, _epról. |
|
| 700 | z |
_a Collado, Miguel, _d1954- |
|
| 710 | 1 | _aComisión Permanente de Efemérides Patrias | |
| 910 | _aVMateo V | ||
| 942 |
_2ddc _cBK |
||
| 999 |
_c13813 _d13813 |
||